[Event "Open SSC Rostock 07"]
[Site "Rostock"]
[Date "2008.08.30"]
[Round "6.10"]
[White "Krueger, Alexander"]
[Black "Moeller, Stefan"]
[Result "1/2-1/2"]
[WhiteElo "2055"]
[BlackElo "1684"]
[PlyCount "49"]
[EventDate "2008.08.28"]
[EventType "swiss"]
[EventRounds "7"]
[EventCountry "GER"]
[Source "Th.Schwetlick"]
[SourceDate "2008.08.28"]
[WhiteTeam "SF Ostsee Warnemuende"]
[BlackTeam "HSG Uni Rostock"]

1. e4 e5 2. Nf3 Nc6 3. d4 exd4 4. Nxd4 Bc5 5. Be3 Qf6 6. c3 Nge7 7. Bc4 d6 8.
O-O O-O 9. Nb5 Bxe3 10. fxe3 Qg5 11. Nxc7 Bg4 12. Qd2 Ne5 13. Be2 Bxe2 14. Qxe2
Rac8 15. Nd5 Nxd5 16. exd5 Nc4 17. e4 Rfe8 18. b3 Ne3 19. Rf3 Rxe4 20. Nd2 Re5
21. Rg3 Qf4 22. Nf3 Rxd5 23. c4 Rf5 24. Re1 Re8 25. Qd3 1/2-1/2

[Event "Open SSC Rostock 07"]
[Site "Rostock"]
[Date "2008.08.30"]
[Round "6.11"]
[White "Huhnstock, Rico"]
[Black "Raitza, Egon"]
[Result "1/2-1/2"]
[WhiteElo "1885"]
[BlackElo "1869"]
[PlyCount "42"]
[EventDate "2008.08.28"]
[EventType "swiss"]
[EventRounds "7"]
[EventCountry "GER"]
[Source "Th.Schwetlick"]
[SourceDate "2008.08.28"]
[WhiteTeam "Segeberger SF"]
[BlackTeam "SSC Rostock 07"]

1. e4 e6 2. d4 d5 3. Nd2 dxe4 4. Nxe4 Nd7 5. Bd3 Ngf6 6. Nxf6+ Nxf6 7. Ne2 Be7
8. O-O O-O 9. c3 h6 10. Ng3 b6 11. Ne4 Bb7 12. f3 Rc8 13. Be3 Nd5 14. Bf2 c5
15. Bc2 c4 16. Re1 Qd7 17. Rc1 f5 18. Ng3 Bg5 19. Rb1 b5 20. Qe2 Nf4 21. Qe5
Bd5 1/2-1/2

[Event "Open SSC Rostock 07"]
[Site "Rostock"]
[Date "2008.08.30"]
[Round "6.12"]
[White "Kliewe, Hans Juergen"]
[Black "Schreiber, Nico"]
[Result "1-0"]
[WhiteElo "2192"]
[BlackElo "1685"]
[PlyCount "73"]
[EventDate "2008.08.28"]
[EventType "swiss"]
[EventRounds "7"]
[EventCountry "GER"]
[Source "Th.Schwetlick"]
[SourceDate "2008.08.28"]
[WhiteTeam "ASV Gruen-Weiss Wismar"]
[BlackTeam "ASV Gruen-Weiss Wismar"]

1. d4 d5 2. Bf4 Nf6 3. e3 e6 4. Nf3 Nbd7 5. Nbd2 Be7 6. Ne5 a6 7. Bd3 c5 8. c3
Qb6 9. Rb1 Bd6 10. O-O Qc7 11. Ndf3 h6 12. h3 b5 13. Qe2 O-O 14. g4 Ne4 15. Qc2
Bb7 16. Nxd7 Qxd7 17. Ne5 Qe7 18. f3 Ng5 19. Qh2 c4 20. Bc2 Nh7 21. Ng6 fxg6
22. Bxd6 Qf7 23. Bxf8 Rxf8 24. h4 Nf6 25. Qg3 Bc8 26. Rbe1 Bb7 27. Bb1 Qe8 28.
Qh2 Nd7 29. g5 e5 30. Qg3 h5 31. Bc2 Bc6 32. Kh2 Qe6 33. e4 Qd6 34. exd5 Bxd5
35. dxe5 Qb6 36. f4 Kh7 37. f5 1-0

[Event "Open SSC Rostock 07"]
[Site "Rostock"]
[Date "2008.08.30"]
[Round "6.13"]
[White "Hanisch, Sebastian"]
[Black "Jeske, Holger"]
[Result "1-0"]
[WhiteElo "2109"]
[BlackElo "1748"]
[PlyCount "67"]
[EventDate "2008.08.28"]
[EventType "swiss"]
[EventRounds "7"]
[EventCountry "GER"]
[Source "Th.Schwetlick"]
[SourceDate "2008.08.28"]
[WhiteTeam "SF Schwerin"]
[BlackTeam "SSC Rostock 07"]

1. e4 e6 2. d3 d5 3. Nd2 c5 4. g3 Nc6 5. Bg2 Nf6 6. Ngf3 Be7 7. O-O O-O 8. Re1
Nd7 9. Nf1 Re8 10. h4 Bf6 11. Ng5 Bxg5 12. hxg5 Nf8 13. exd5 exd5 14. Rxe8 Qxe8
15. Bxd5 Be6 16. Be4 Rd8 17. Qh5 g6 18. Qh6 Nd4 19. Ne3 Ne2+ 20. Kg2 Nxc1 21.
Rxc1 Qb5 22. b3 Qb4 23. a4 a6 24. Qh4 b5 25. axb5 axb5 26. Qf4 Qd4 27. c3 Qd7
28. b4 Qe7 29. bxc5 Qxc5 30. d4 Rxd4 31. Ng4 Bxg4 32. cxd4 Qa3 33. Rc7 Be6 34.
d5 1-0

[Event "Open SSC Rostock 07"]
[Site "Rostock"]
[Date "2008.08.30"]
[Round "6.14"]
[White "Jaehn, Justin"]
[Black "Zimmermann, Ulrich"]
[Result "0-1"]
[WhiteElo "1635"]
[BlackElo "1818"]
[PlyCount "62"]
[EventDate "2008.08.28"]
[EventType "swiss"]
[EventRounds "7"]
[EventCountry "GER"]
[Source "Th.Schwetlick"]
[SourceDate "2008.08.28"]
[WhiteTeam "SF Schwerin"]
[BlackTeam "SK Bebenhausen 1992"]

1. Nf3 d5 2. b3 Bg4 3. e3 Nd7 4. Be2 e5 5. Bb2 f6 6. O-O Bd6 7. Na3 c6 8. c4
Qe7 9. Nc2 Nh6 10. cxd5 cxd5 11. d3 O-O 12. Nd2 Bxe2 13. Qxe2 Rac8 14. Rac1 f5
15. a3 e4 16. g3 Nc5 17. dxe4 fxe4 18. Nb4 Qf7 19. f4 a5 20. Na2 Nd3 21. Rxc8
Rxc8 22. Nb1 Nf5 23. Bd4 Qg6 24. Kh1 Qxg3 25. Qxd3 exd3 26. hxg3 Nxg3+ 27. Kg1
Nxf1 28. Kxf1 b5 29. Ke1 b4 30. axb4 Rc2 31. Nbc3 axb4 0-1

[Event "Open SSC Rostock 07"]
[Site "Rostock"]
[Date "2008.08.30"]
[Round "6.15"]
[White "Hingst, Silke"]
[Black "Hasenberg, Harald"]
[Result "1-0"]
[WhiteElo "1774"]
[BlackElo "1678"]
[PlyCount "71"]
[EventDate "2008.08.28"]
[EventType "swiss"]
[EventRounds "7"]
[EventCountry "GER"]
[Source "Th.Schwetlick"]
[SourceDate "2008.08.28"]
[WhiteTeam "SSC Rostock 07"]
[BlackTeam "SSC Rostock 07"]

1. e4 g6 2. d4 Bg7 3. Nf3 d6 4. Be3 Nf6 5. Bd3 b6 6. c3 Bb7 7. Nbd2 Nbd7 8. Ng5
h6 9. Nh3 e6 10. f3 Qe7 11. Qe2 a6 12. g4 Nh7 13. Qg2 O-O-O 14. Qe2 Nb8 15. b4
f5 16. O-O-O Rhf8 17. gxf5 exf5 18. Nf4 Qf7 19. Bc4 Qe8 20. Ne6 Qd7 21. Nxd8
Kxd8 22. Rdg1 f4 23. Bf2 g5 24. h4 Qa4 25. Nb3 Qc6 26. d5 Qd7 27. Nd4 Bxd4 28.
Bxd4 b5 29. Bd3 Rf7 30. hxg5 hxg5 31. Rh5 c6 32. Rgh1 g4 33. fxg4 f3 34. Qf2
Qe7 35. Qh4 Nf6 36. Bxf6 1-0

[Event "Open SSC Rostock 07"]
[Site "Rostock"]
[Date "2008.08.30"]
[Round "6.16"]
[White "Boehm, Matthias"]
[Black "Weber, Max"]
[Result "1/2-1/2"]
[WhiteElo "1756"]
[BlackElo "1614"]
[PlyCount "21"]
[EventDate "2008.08.28"]
[EventType "swiss"]
[EventRounds "7"]
[EventCountry "GER"]
[Source "Th.Schwetlick"]
[SourceDate "2008.08.28"]
[WhiteTeam "HSG Uni Rostock"]
[BlackTeam "SSC Rostock 07"]

1. e4 e6 2. d4 d5 3. exd5 exd5 4. Bd3 Bd6 5. Nf3 Nf6 6. O-O O-O 7. c3 Bg4 8.
Nbd2 c6 9. Re1 Qc7 10. Qc2 Nbd7 11. h3 1/2-1/2

[Event "Open SSC Rostock 07"]
[Site "Rostock"]
[Date "2008.08.30"]
[Round "6.18"]
[White "Zoll, Detlef"]
[Black "Friedel, Roland"]
[Result "1-0"]
[WhiteElo "2035"]
[BlackElo "1487"]
[PlyCount "69"]
[EventDate "2008.08.28"]
[EventType "swiss"]
[EventRounds "7"]
[EventCountry "GER"]
[Source "Th.Schwetlick"]
[SourceDate "2008.08.28"]
[WhiteTeam "ESV 1949 Eberswalde"]
[BlackTeam "SF Drensteinfurt"]

1. d4 d5 2. Nc3 Nf6 3. Bg5 e6 4. e4 Be7 5. e5 Nfd7 6. h4 c6 7. Qg4 f5 8. Qg3
Nf8 9. Nf3 h5 10. O-O-O g6 11. Ne2 Nbd7 12. Nf4 Bxg5 13. Nxg5 Nb6 14. Bd3 Qe7
15. Qe3 Bd7 16. Kb1 O-O-O 17. Rc1 Kb8 18. c4 Be8 19. c5 Nbd7 20. Rc3 Ka8 21. b4
Nb8 22. Kc2 b5 23. a4 a6 24. Ra1 Rc8 25. Rca3 Kb7 26. Qe2 Bd7 27. Kc3 Rc7 28.
Qa2 Kc8 29. axb5 cxb5 30. Rxa6 Nxa6 31. Qxa6+ Kd8 32. Qb6 Bc8 33. Bxb5 Rg8 34.
Ra8 Rg7 35. Nfxe6+ 1-0

[Event "Open SSC Rostock 07"]
[Site "Rostock"]
[Date "2008.08.30"]
[Round "6.19"]
[White "Jepp, Wolfgang"]
[Black "Lehmann, Torsten"]
[Result "1-0"]
[WhiteElo "1531"]
[BlackElo "1970"]
[PlyCount "127"]
[EventDate "2008.08.28"]
[EventType "swiss"]
[EventRounds "7"]
[EventCountry "GER"]
[Source "Th.Schwetlick"]
[SourceDate "2008.08.28"]
[WhiteTeam "SV RUGIA Bergen"]
[BlackTeam "ESV 1949 Eberswalde"]

1. e4 e5 2. Bc4 Nf6 3. d4 Nc6 4. d5 Nb8 5. Qd3 d6 6. Nf3 Be7 7. O-O Nbd7 8. b4
a6 9. a4 Nf8 10. Bb3 Ng6 11. c4 O-O 12. Nc3 Bd7 13. Bd2 Nh5 14. Ne2 f5 15. Rac1
f4 16. c5 Nh4 17. Nxh4 Bxh4 18. f3 Qg5 19. g4 Bxg4 20. fxg4 Qxg4+ 21. Kh1 f3
22. Rg1 Qh3 23. Be1 Bxe1 24. Rcxe1 Qh4 25. Ref1 fxe2 26. Qxe2 Rxf1 27. Qxf1
Qxe4+ 28. Qg2 Qxg2+ 29. Rxg2 Nf6 30. cxd6 cxd6 31. Rc2 Rd8 32. Rc7 Rd7 33. Rc8+
Kf7 34. a5 Ne8 35. Ba4 Re7 36. Rb8 Nf6 37. Bb3 Rc7 38. Kg2 Ne4 39. Rd8 Kf6 40.
Rf8+ Rf7 41. Rd8 Kg5 42. Bc4 Rf2+ 43. Kg1 Rb2 44. Bd3 Rxb4 45. Bxe4 Rxe4 46.
Rxd6 Ra4 47. Rd7 Kf6 48. Rxb7 Rxa5 49. Rb6+ Kg5 50. d6 h5 51. Kf2 Kf4 52. Rb4+
e4 53. Rd4 Ra2+ 54. Ke1 Ke3 55. d7 Kxd4 56. d8=Q+ Ke3 57. Qg5+ Kd4 58. Qxg7+
Kd3 59. Qd7+ Kc3 60. Qc6+ Kd4 61. Qb6+ Ke5 62. Qb3 Ra1+ 63. Kf2 Kf5 64. Qd5+
1-0

[Event "Open SSC Rostock 07"]
[Site "Rostock"]
[Date "2008.08.30"]
[Round "6.20"]
[White "Kaulich, Philipp Theodor"]
[Black "Celmer, Ole"]
[Result "1-0"]
[WhiteElo "1745"]
[BlackElo "1410"]
[PlyCount "111"]
[EventDate "2008.08.28"]
[EventType "swiss"]
[EventRounds "7"]
[EventCountry "GER"]
[Source "Th.Schwetlick"]
[SourceDate "2008.08.28"]
[WhiteTeam "SK Bebenhausen 1992"]
[BlackTeam "SSC Rostock 07"]

1. e4 d5 2. exd5 Nf6 3. Nf3 Nxd5 4. d4 Bf5 5. Bc4 e6 6. Bg5 Be7 7. Bxe7 Qxe7 8.
c3 O-O 9. O-O Nc6 10. Re1 Rad8 11. Nbd2 Qd6 12. Ne4 Bxe4 13. Rxe4 Nf6 14. Re1
Rfe8 15. Qe2 Nd7 16. Rad1 Na5 17. Bd3 Nb6 18. Ne5 Nc6 19. Bxh7+ Kf8 20. Qf3
Nxe5 21. Rxe5 Nd5 22. Rde1 Nf6 23. Bc2 c6 24. Qh3 Ke7 25. Bb3 Kd7 26. Qg3 Rg8
27. h3 Kc8 28. Kf1 Nd5 29. Bxd5 cxd5 30. Qf3 Qa6+ 31. R5e2 Rgf8 32. a3 Rd6 33.
Qg3 g6 34. Kg1 Rc6 35. Qe5 f6 36. Qg3 g5 37. Qg4 Kd7 38. h4 gxh4 39. Qxh4 Qb6
40. Qh7+ Ke8 41. Qg6+ Ke7 42. f4 Kd7 43. Qg7+ Ke8 44. Kf1 f5 45. g4 fxg4 46.
Qxg4 Kd7 47. Qg7+ Ke8 48. Rf2 Rf7 49. Qg6 Kf8 50. Qh6+ Ke7 51. f5 Qb5+ 52. Kg1
Rf6 53. Qg7+ Rf7 54. f6+ Ke8 55. Qg8+ Rf8 56. Rxe6+ 1-0

[Event "Open SSC Rostock 07"]
[Site "Rostock"]
[Date "2008.08.30"]
[Round "6.21"]
[White "Jaensch, Robert"]
[Black "Vladov, Mark"]
[Result "1-0"]
[WhiteElo "1577"]
[BlackElo "1708"]
[PlyCount "59"]
[EventDate "2008.08.28"]
[EventType "swiss"]
[EventRounds "7"]
[EventCountry "GER"]
[Source "Th.Schwetlick"]
[SourceDate "2008.08.28"]
[WhiteTeam "SSC Rostock 07"]
[BlackTeam "SF Ostsee Warnemuende"]

1. e4 c5 2. Nf3 Nc6 3. d4 cxd4 4. Nxd4 e5 5. Nb5 a6 6. Nd6+ Bxd6 7. Qxd6 Qf6 8.
Qxf6 Nxf6 9. Nc3 O-O 10. Bg5 Ne8 11. O-O-O b5 12. Nd5 f6 13. Be3 d6 14. a4 Bb7
15. Nb6 Rd8 16. axb5 axb5 17. Bxb5 Kh8 18. f3 Nc7 19. Bxc6 Bxc6 20. Nc4 d5 21.
exd5 Nxd5 22. Bc5 Rfe8 23. Nd6 Rf8 24. c4 Ba4 25. Rd2 Bb3 26. Rxd5 Ra8 27. Kd2
Kg8 28. Kc3 Rfb8 29. Nb5 Ba4 30. Ra1 1-0

[Event "Open SSC Rostock 07"]
[Site "Rostock"]
[Date "2008.08.30"]
[Round "6.22"]
[White "Appel, Gerald"]
[Black "Doering, Manfred"]
[Result "1-0"]
[WhiteElo "1722"]
[BlackElo "1286"]
[PlyCount "101"]
[EventDate "2008.08.28"]
[EventType "swiss"]
[EventRounds "7"]
[EventCountry "GER"]
[Source "Th.Schwetlick"]
[SourceDate "2008.08.28"]
[WhiteTeam "SV Motor Wolgast 1949"]
[BlackTeam "SV Einheit Schwerin"]

1. d4 Nf6 2. Bf4 d5 3. e3 e6 4. Nd2 b6 5. Ngf3 Nbd7 6. Bb5 Be7 7. Ne5 O-O 8.
Nc6 Qe8 9. Nxe7+ Qxe7 10. Bc6 Ba6 11. Bxa8 Rxa8 12. c3 c5 13. Qa4 Bd3 14. Qc6
Qe8 15. Qa4 c4 16. Qd1 b5 17. g4 Qf8 18. g5 Ne8 19. a3 Nb6 20. h4 Na4 21. Qg4
Bf5 22. Qg3 Nxb2 23. h5 Nd3+ 24. Kf1 Nxf4 25. Qxf4 Qd6 26. Qxd6 Nxd6 27. f3
Bd3+ 28. Kf2 Re8 29. a4 e5 30. axb5 Nxb5 31. dxe5 Rxe5 32. f4 Re7 33. Rhc1 Nd6
34. Ra5 Ne4+ 35. Nxe4 Bxe4 36. Rca1 Rb7 37. Rxa7 Rb2+ 38. Ke1 h6 39. Ra8+ Kh7
40. Rf8 Rh2 41. Ra7 Rxh5 42. Rfxf7 Kg6 43. Rxg7+ Kf5 44. gxh6 Rh1+ 45. Kf2 Rh2+
46. Kf1 Rh1+ 47. Rg1 Bd3+ 48. Kf2 Rh2+ 49. Rg2 Rxh6 50. Rg5+ Kf6 51. Ra6+ 1-0

[Event "Open SSC Rostock 07"]
[Site "Rostock"]
[Date "2008.08.30"]
[Round "6.23"]
[White "Sura, Christian"]
[Black "Hartmann, Andreas"]
[Result "1-0"]
[WhiteElo "1405"]
[BlackElo "1165"]
[PlyCount "53"]
[EventDate "2008.08.28"]
[EventType "swiss"]
[EventRounds "7"]
[EventCountry "GER"]
[Source "Th.Schwetlick"]
[SourceDate "2008.08.28"]
[WhiteTeam "SSC Rostock 07"]
[BlackTeam "SV Einheit Schwerin"]

1. d4 Nf6 2. c4 g6 3. Nf3 Bg7 4. Nc3 d6 5. h3 O-O 6. e4 Nbd7 7. Bd3 e5 8. d5 c6
9. O-O Nc5 10. Bg5 Nxd3 11. Qxd3 cxd5 12. Nxd5 Be6 13. Nc3 a6 14. Rfd1 Qc7 15.
Qxd6 Qxc4 16. Nxe5 Nxe4 17. Qxf8+ Rxf8 18. Nxc4 Bxc4 19. Nxe4 Bxb2 20. Rab1 Be5
21. Rxb7 Rc8 22. Rd8+ Rxd8 23. Bxd8 Bd5 24. Re7 Bg7 25. Re8+ Bf8 26. Nf6+ Kg7
27. Nxd5 1-0

[Event "Open SSC Rostock 07"]
[Site "Rostock"]
[Date "2008.08.30"]
[Round "6.24"]
[White "Bezkorovaynyy, Mykola"]
[Black "Mueggenburg, Rolf"]
[Result "1/2-1/2"]
[WhiteElo "1612"]
[BlackElo "1533"]
[PlyCount "51"]
[EventDate "2008.08.28"]
[EventType "swiss"]
[EventRounds "7"]
[EventCountry "GER"]
[Source "Th.Schwetlick"]
[SourceDate "2008.08.28"]
[WhiteTeam "ESV Rot-Weiss Goettingen"]
[BlackTeam "HSG Uni Rostock"]

1. c4 c5 2. Nc3 Nc6 3. g3 Nf6 4. Bg2 g6 5. Nf3 Bg7 6. a3 O-O 7. O-O e5 8. Rb1
d5 9. cxd5 Nxd5 10. Nxd5 Qxd5 11. d3 Rd8 12. Be3 Rb8 13. Qc2 b6 14. Rfc1 Bb7
15. b4 Nd4 16. Bxd4 cxd4 17. Nh4 Qd7 18. Bxb7 Qxb7 19. Qc7 Qa6 20. b5 Qxa3 21.
Ra1 Qb2 22. Rxa7 Rf8 23. Qc6 Qxe2 24. Qd5 Rbd8 25. Qb3 Rd6 26. Ra2 1/2-1/2

[Event "Open SSC Rostock 07"]
[Site "Rostock"]
[Date "2008.08.30"]
[Round "6.25"]
[White "Jaehn, Janis"]
[Black "Bardosch, Konstantin"]
[Result "1/2-1/2"]
[WhiteElo "1514"]
[BlackElo "1203"]
[PlyCount "38"]
[EventDate "2008.08.28"]
[EventType "swiss"]
[EventRounds "7"]
[EventCountry "GER"]
[Source "Th.Schwetlick"]
[SourceDate "2008.08.28"]
[WhiteTeam "SF Schwerin"]
[BlackTeam "SSC Rostock 07"]

1. e4 c5 2. d4 cxd4 3. c3 d3 4. f4 e5 5. Bxd3 exf4 6. Bxf4 Bc5 7. Nf3 Ne7 8.
Qe2 O-O 9. Nbd2 Nbc6 10. O-O-O Ng6 11. Bg3 Re8 12. Rde1 d5 13. Qd1 d4 14. c4
Nb4 15. Qb3 Nxd3+ 16. Qxd3 Be6 17. Kb1 Rc8 18. h3 Qf6 19. Rhf1 Red8 1/2-1/2

[Event "Open SSC Rostock 07"]
[Site "Rostock"]
[Date "2008.08.30"]
[Round "6.26"]
[White "Pererva, Viktor"]
[Black "Schreiber, Felix"]
[Result "1/2-1/2"]
[WhiteElo "1486"]
[BlackElo "1292"]
[PlyCount "100"]
[EventDate "2008.08.28"]
[EventType "swiss"]
[EventRounds "7"]
[EventCountry "GER"]
[Source "Th.Schwetlick"]
[SourceDate "2008.08.28"]
[WhiteTeam "SSC Rostock 07"]
[BlackTeam "ASV Gruen-Weiss Wismar"]

1. e4 e5 2. Nf3 Nf6 3. Nxe5 d6 4. Nf3 Nxe4 5. d4 Nf6 6. Bd3 Bg4 7. O-O Be7 8.
Re1 O-O 9. Nbd2 Nc6 10. c3 Re8 11. h3 Bxf3 12. Nxf3 Bf8 13. Bg5 Rxe1+ 14. Qxe1
g6 15. Qd2 Bg7 16. Re1 a6 17. Re2 Qd7 18. a3 Re8 19. Bc4 Rxe2 20. Qxe2 Qe7 21.
Qxe7 Nxe7 22. Kf1 b5 23. Bb3 h6 24. Bf4 g5 25. Bh2 Ne8 26. Ke2 Kh7 27. Bxf7 Nf6
28. Ba2 Nd7 29. Kd3 Nb6 30. Nd2 Ng6 31. Bb1 Bf8 32. Kc2 Kg7 33. Kb3 a5 34. Bd3
c6 35. Bxg6 Kxg6 36. Ne4 Nc4 37. g4 Be7 38. a4 d5 39. Ng3 bxa4+ 40. Kxa4 Nxb2+
41. Kxa5 Nd1 42. Kb6 Nxc3 43. Kxc6 Nd1 44. Kxd5 Nxf2 45. Ke6 Ba3 46. d5 Nxh3
47. Nf5 Nf4+ 48. Ke5 Nxd5 49. Kxd5 h5 50. gxh5+ Kxh5 1/2-1/2

[Event "Open SSC Rostock 07"]
[Site "Rostock"]
[Date "2008.08.30"]
[Round "6.27"]
[White "Bardosch, Karl Valentin"]
[Black "Kirchner, Holger"]
[Result "1/2-1/2"]
[WhiteElo "1183"]
[BlackElo "1141"]
[PlyCount "49"]
[EventDate "2008.08.28"]
[EventType "swiss"]
[EventRounds "7"]
[EventCountry "GER"]
[Source "Th.Schwetlick"]
[SourceDate "2008.08.28"]
[WhiteTeam "SSC Rostock 07"]
[BlackTeam "Luebecker SV von 1873"]

1. e4 c6 2. d4 d5 3. exd5 cxd5 4. Bd3 Nf6 5. Nc3 e6 6. Nge2 Bb4 7. Bg5 Nc6 8.
a3 Be7 9. O-O h6 10. Bf4 Bd6 11. Bb5 O-O 12. Bxc6 bxc6 13. Na4 Qc7 14. Bxd6
Qxd6 15. Ng3 e5 16. dxe5 Qxe5 17. Nc5 Qxb2 18. Nb3 Qe5 19. Re1 Qc7 20. Qd3 Re8
21. Nh5 Rxe1+ 22. Rxe1 Be6 23. Nxf6+ gxf6 24. Qc3 f5 25. Nd4 1/2-1/2

[Event "Open SSC Rostock 07"]
[Site "Rostock"]
[Date "2008.08.31"]
[Round "7.1"]
[White "Szelag, Marcin"]
[Black "Schulz, Michael"]
[Result "1-0"]
[WhiteElo "2474"]
[BlackElo "2260"]
[PlyCount "63"]
[EventDate "2008.08.28"]
[EventType "swiss"]
[EventRounds "7"]
[EventCountry "GER"]
[Source "Th.Schwetlick"]
[SourceDate "2008.08.28"]
[WhiteTeam "SSC Rostock 07"]
[BlackTeam "SC Zitadelle Spandau 1977"]

1. e4 e6 2. d4 d5 3. Nc3 Bb4 4. e5 c5 5. a3 Ba5 6. b4 cxd4 7. Qg4 Ne7 8. bxa5
dxc3 9. Qxg7 Rg8 10. Qxh7 Nbc6 11. Nf3 Qxa5 12. Bg5 Bd7 13. h4 O-O-O 14. Qd3 d4
15. Qe4 Be8 16. Bf6 Rg6 17. h5 Rxf6 18. exf6 Nd5 19. h6 Nxf6 20. Qh4 Nb4 21.
Bd3 Nxd3+ 22. cxd3 c2+ 23. Ke2 Bb5 24. Qxf6 Qc3 25. Ne5 Rd5 26. f3 Qc5 27. h7
Rxe5+ 28. Kf2 Re2+ 29. Kg3 Qd6+ 30. Kh3 Bd7 31. h8=Q+ Kc7 32. Rhe1 1-0

[Event "Open SSC Rostock 07"]
[Site "Rostock"]
[Date "2008.08.31"]
[Round "7.2"]
[White "Steinhagen, Bernd"]
[Black "Tomczak, Rafal"]
[Result "1/2-1/2"]
[WhiteElo "2316"]
[BlackElo "2350"]
[PlyCount "81"]
[EventDate "2008.08.28"]
[EventType "swiss"]
[EventRounds "7"]
[EventCountry "GER"]
[Source "Th.Schwetlick"]
[SourceDate "2008.08.28"]
[WhiteTeam "SC Rotation Pankow"]
[BlackTeam "SSC Rostock 07"]

1. c4 e5 2. Nc3 Nc6 3. g3 g6 4. Bg2 Bg7 5. Nf3 d6 6. d3 h6 7. Rb1 Be6 8. b4 Qd7
9. b5 Nd8 10. Nd5 c6 11. bxc6 bxc6 12. Nc3 f5 13. Qc2 Ne7 14. O-O O-O 15. Nd2
Rc8 16. f4 Nf7 17. Nf3 Rb8 18. Be3 Kh7 19. Rb3 d5 20. Na4 e4 21. Nc5 Qd6 22.
Nxe6 Qxe6 23. Nd4 Qd7 24. Rfb1 Rxb3 25. Nxb3 Rb8 26. Rc1 Nd8 27. cxd5 cxd5 28.
Qc7 Rb7 29. Qxd7 Rxd7 30. Na5 Ne6 31. Kf1 h5 32. Ke1 Nd4 33. Kd2 Ne6 34. Kd1
Kg8 35. Rb1 Bd4 36. Bxd4 Nxd4 37. e3 Ndc6 38. Nxc6 Nxc6 39. d4 Ne7 40. Bf1 Kf7
41. Be2 1/2-1/2

[Event "Open SSC Rostock 07"]
[Site "Rostock"]
[Date "2008.08.31"]
[Round "7.3"]
[White "Westphal, Wolfgang"]
[Black "Stiemerling, Wilfried"]
[Result "1/2-1/2"]
[WhiteElo "2251"]
[BlackElo "2184"]
[PlyCount "129"]
[EventDate "2008.08.28"]
[EventType "swiss"]
[EventRounds "7"]
[EventCountry "GER"]
[Source "Th.Schwetlick"]
[SourceDate "2008.08.28"]
[WhiteTeam "SC Neukloster"]
[BlackTeam "SC Rotation Pankow"]

1. e4 e6 2. d4 d5 3. Nc3 Nf6 4. Bg5 Be7 5. e5 Nfd7 6. Bxe7 Qxe7 7. f4 a6 8. Nf3
c5 9. Qd2 Nc6 10. O-O-O b5 11. dxc5 Nxc5 12. Bd3 b4 13. Ne2 Bd7 14. Ned4 Nxd4
15. Nxd4 O-O 16. g4 a5 17. h4 a4 18. h5 Rfc8 19. Kb1 b3 20. h6 g6 21. a3 bxc2+
22. Nxc2 Rcb8 23. Nb4 Rb6 24. f5 Rab8 25. fxg6 fxg6 26. Qf4 Rf8 27. Qd4 Rbb8
28. Rhf1 Nxd3 29. Nxd3 Bb5 30. Rf6 Bc4 31. Nb4 Rfc8 32. Rd2 Rc7 33. Rdf2 Rbc8
34. Rc2 Bb3 35. Rxc7 Qxc7 36. Rf1 Bc4 37. Rd1 Rf8 38. Nc2 Rc8 39. Nb4 Rf8 40.
Qe3 Rc8 41. Ka1 Qb7 42. Qg5 Qf7 43. Na2 Rf8 44. Nc3 Qd7 45. Nb1 Qb7 46. Nd2 Bd3
47. Qe3 Rb8 48. Qd4 g5 49. Nf3 Qb3 50. Qc3 Bc4 51. Qxb3 Rxb3 52. Nxg5 Re3 53.
Nxe6 Rxe5 54. Nc5 Bb3 55. Rf1 Re7 56. g5 d4 57. Nxb3 axb3 58. Kb1 Re2 59. Kc1
Rc2+ 60. Kd1 Rxb2 61. Rf4 Ra2 62. Kc1 d3 63. Rd4 Rxa3 64. Kb2 Ra5 65. Rxd3
1/2-1/2

[Event "Open SSC Rostock 07"]
[Site "Rostock"]
[Date "2008.08.31"]
[Round "7.4"]
[White "Jahn, Constanze"]
[Black "Kesten, Sebastian"]
[Result "1/2-1/2"]
[WhiteElo "2150"]
[BlackElo "2098"]
[PlyCount "56"]
[EventDate "2008.08.28"]
[EventType "swiss"]
[EventRounds "7"]
[EventCountry "GER"]
[Source "Th.Schwetlick"]
[SourceDate "2008.08.28"]
[WhiteTeam "USV Halle"]
[BlackTeam "SC Neukloster"]

1. e4 c5 2. c3 Nf6 3. e5 Nd5 4. d4 cxd4 5. Nf3 Nc6 6. Bc4 Nb6 7. Bb3 d5 8. exd6
Qxd6 9. O-O d3 10. Na3 Bf5 11. Nb5 Qd8 12. Bf4 Rc8 13. Re1 e6 14. Nfd4 Nxd4 15.
Nxd4 Rc5 16. g4 Bg6 17. Bxe6 Be7 18. Bf5 O-O 19. Qxd3 Bxf5 20. gxf5 Bf6 21.
Rad1 Qd7 22. Qe4 Rd5 23. Rd3 Nc8 24. Rg3 Ne7 25. Bg5 Nxf5 26. Nxf5 Rxf5 27.
Bxf6 Rxf6 28. Qg4 Qxg4 1/2-1/2

[Event "Open SSC Rostock 07"]
[Site "Rostock"]
[Date "2008.08.31"]
[Round "7.5"]
[White "Valet, Richard"]
[Black "Rolle, Eric"]
[Result "1/2-1/2"]
[WhiteElo "2071"]
[BlackElo "2241"]
[PlyCount "83"]
[EventDate "2008.08.28"]
[EventType "swiss"]
[EventRounds "7"]
[EventCountry "GER"]
[Source "Th.Schwetlick"]
[SourceDate "2008.08.28"]
[WhiteTeam "Greifswalder SV"]
[BlackTeam "ESV 1949 Eberswalde"]

1. e4 b6 2. d4 Bb7 3. Bd3 g6 4. Nf3 Bg7 5. Bf4 c5 6. c3 e6 7. Bd6 cxd4 8. cxd4
Ne7 9. Nc3 O-O 10. O-O a6 11. Rc1 Re8 12. Qd2 Nc8 13. Bf4 d6 14. Rfd1 Nc6 15.
Bb1 d5 16. Bh6 Na5 17. Bxg7 Kxg7 18. Qf4 Nd6 19. Ne5 f5 20. exf5 exf5 21. Rd3
Nac4 22. Rh3 Nxe5 23. Qh6+ Kf6 24. dxe5+ Rxe5 25. Qxh7 Qe7 26. Qh4+ Ke6 27.
Qxe7+ Kxe7 28. f4 Re6 29. Rh7+ Kf6 30. h3 d4 31. Rxb7 Nxb7 32. Nd5+ Kf7 33.
Rc7+ Kf8 34. Rxb7 Rd8 35. Bd3 Rxd5 36. Bc4 Red6 37. Bxd5 Rxd5 38. Kf2 Rb5 39.
b3 Rc5 40. Rxb6 Rc2+ 41. Kf3 Rxa2 42. Rxg6 1/2-1/2

[Event "Open SSC Rostock 07"]
[Site "Rostock"]
[Date "2008.08.31"]
[Round "7.6"]
[White "Porsch, Harald"]
[Black "Hamann, Dirk"]
[Result "1-0"]
[WhiteElo "2195"]
[BlackElo "2088"]
[PlyCount "95"]
[EventDate "2008.08.28"]
[EventType "swiss"]
[EventRounds "7"]
[EventCountry "GER"]
[Source "Th.Schwetlick"]
[SourceDate "2008.08.28"]
[WhiteTeam "SC Rotation Pankow"]
[BlackTeam "SF Ostsee Warnemuende"]

1. d4 Nf6 2. Nf3 g6 3. Bf4 Bg7 4. e3 O-O 5. Be2 c5 6. c3 Qb6 7. Qb3 Qxb3 8.
axb3 cxd4 9. exd4 d6 10. O-O Nc6 11. Re1 Bf5 12. Bb5 a6 13. Bf1 Rfe8 14. Nbd2
h6 15. h3 Nd5 16. Bg3 Rad8 17. Nc4 g5 18. b4 Bg6 19. Ne3 Nxe3 20. fxe3 Ra8 21.
Ra3 e5 22. Rea1 Rad8 23. b5 axb5 24. Bxb5 Re7 25. Ra8 Kh7 26. d5 Nb8 27. Nd2
Rc7 28. e4 Rdc8 29. Nc4 Bf8 30. Nb6 Rd8 31. Bd3 Be7 32. Bf2 Nd7 33. Rxd8 Bxd8
34. Ra8 Bf6 35. Bb5 Nc5 36. Bxc5 Rxc5 37. Bd3 Rc7 38. c4 h5 39. b4 h4 40. Nc8
Rd7 41. Rb8 Kg7 42. Nxd6 Rxd6 43. Rxb7 Ra6 44. c5 Ra3 45. c6 Rxd3 46. c7 Rc3
47. d6 g4 48. d7 1-0